[Event "Irena Warakomska Memorial A"]
[Site "Suwalki"]
[Date "2018.08.08"]
[Round "9"]
[White "Paprocki, Jaroslaw"]
[Black "Zaika, Daniil"]
[Result "1/2-1/2"]
[Board "32"]
[WhiteElo "2143"]
[WhiteCountry "POL"]
[WhiteFideId "1122274"]
[WhiteEloChange "2"]
[BlackElo "2213"]
[BlackCountry "RUS"]
[BlackFideId "44131186"]
[BlackEloChange "-2"]

1. e4 {[%clk 1:30:54]} c5 {[%clk 1:30:48]} 2. Nf3 {[%clk 1:30:50]} d6 {[%clk
1:31:04]} 3. d4 {[%clk 1:27:49]} cxd4 {[%clk 1:31:18]} 4. Nxd4 {[%clk 1:25:22]}
Nf6 {[%clk 1:31:19]} 5. Nc3 {[%clk 1:21:46]} a6 {[%clk 1:30:42]} 6. Bg5 {[%clk
1:16:51]} Nbd7 {[%clk 1:30:02]} 7. f4 {[%clk 1:13:56]} Qc7 {[%clk 1:27:04]} 8.
Qd2 {[%clk 0:59:24]} e6 {[%clk 1:15:52]} 9. O-O-O {[%clk 0:54:43]} Be7 {[%clk
1:12:27]} 10. f5 {[%clk 0:44:35]} Ne5 {[%clk 1:01:06]} 11. Qe1 {[%clk 0:37:12]}
b5 {[%clk 0:51:37]} 12. a3 {[%clk 0:32:35]} Bd7 {[%clk 0:44:46]} 13. Be2 {[%clk
0:27:08]} Rc8 {[%clk 0:41:11]} 14. Kb1 {[%clk 0:21:32]} Qb7 {[%clk 0:37:42]} 15.
Bf3 {[%clk 0:20:53]} b4 {[%clk 0:26:34]} 16. axb4 {[%clk 0:19:58]} Qxb4 {[%clk
0:26:46]} 17. fxe6 {[%clk 0:15:07]} fxe6 {[%clk 0:26:54]} 18. Nb3 {[%clk
0:14:55]} O-O {[%clk 0:20:37]} 19. Nd5 {[%clk 0:13:13]} Qxe1 {[%clk 0:17:18]} 20.
Nxe7+ {[%clk 0:13:20]} Kf7 {[%clk 0:17:45]} 21. Rhxe1 {[%clk 0:13:13]} Kxe7
{[%clk 0:18:10]} 22. Be2 {[%clk 0:12:44]} 1/2-1/2

[Event "Irena Warakomska Memorial A"]
[Site "Suwalki"]
[Date "2018.08.08"]
[Round "9"]
[White "Popiol, Michal"]
[Black "Mulet, Piotr"]
[Result "1-0"]
[Board "33"]
[WhiteElo "2126"]
[WhiteCountry "POL"]
[WhiteFideId "1144472"]
[WhiteEloChange "12"]
[BlackElo "2202"]
[BlackTitle "FM"]
[BlackCountry "POL"]
[BlackFideId "1106244"]
[BlackEloChange "-12"]

1. d4 {[%clk 1:30:57]} Nf6 {[%clk 1:30:52]} 2. c4 {[%clk 1:31:24]} g6 {[%clk
1:31:18]} 3. Nc3 {[%clk 1:31:50]} d5 {[%clk 1:31:44]} 4. cxd5 {[%clk 1:32:16]}
Nxd5 {[%clk 1:32:09]} 5. Na4 {[%clk 1:32:39]} Bf5 {[%clk 1:29:15]} 6. Nc5 {[%clk
0:59:41]} e5 {[%clk 1:27:55]} 7. e4 {[%clk 0:59:09]} b6 {[%clk 1:19:47]} 8. exf5
{[%clk 0:43:56]} bxc5 {[%clk 1:20:11]} 9. dxe5 {[%clk 0:44:22]} c6 {[%clk
1:17:11]} 10. Nf3 {[%clk 0:41:56]} gxf5 {[%clk 1:17:35]} 11. Bd3 {[%clk 0:36:51]}
f4 {[%clk 1:13:56]} 12. O-O {[%clk 0:36:23]} Nd7 {[%clk 1:14:01]} 13. Re1 {[%clk
0:35:14]} N7b6 {[%clk 1:14:10]} 14. e6 {[%clk 0:34:15]} f6 {[%clk 1:14:36]} 15.
Nh4 {[%clk 0:34:18]} Qc7 {[%clk 1:14:40]} 16. Qh5+ {[%clk 0:33:37]} Kd8 {[%clk
1:15:05]} 17. Bd2 {[%clk 0:31:41]} c4 {[%clk 1:14:54]} 18. Bf5 {[%clk 0:30:11]}
Qe7 {[%clk 1:13:46]} 19. Rad1 {[%clk 0:28:58]} Kc7 {[%clk 1:13:49]} 20. Bb1
{[%clk 0:20:37]} Qe8 {[%clk 1:13:09]} 21. Qf3 {[%clk 0:20:12]} Bd6 {[%clk
1:13:32]} 22. Ba5 {[%clk 0:12:31]} Kb7 {[%clk 1:13:15]} 23. Nf5 {[%clk 0:12:42]}
Be5 {[%clk 1:13:28]} 1-0

[Event "Irena Warakomska Memorial A"]
[Site "Suwalki"]
[Date "2018.08.08"]
[Round "9"]
[White "Schippers, Maurice"]
[Black "Buraczewski, Rafal"]
[Result "1-0"]
[Board "34"]
[WhiteElo "2303"]
[WhiteCountry "NED"]
[WhiteFideId "1004735"]
[WhiteEloChange "8"]
[BlackElo "2221"]
[BlackCountry "POL"]
[BlackFideId "1155245"]
[BlackEloChange "-8"]

1. e4 {[%clk 1:30:58]} c6 {[%clk 1:30:52]} 2. d4 {[%clk 1:31:08]} g6 {[%clk
1:31:18]} 3. Nc3 {[%clk 1:30:35]} Bg7 {[%clk 1:31:38]} 4. Nf3 {[%clk 1:30:34]} d5
{[%clk 1:31:57]} 5. h3 {[%clk 1:30:23]} dxe4 {[%clk 1:32:22]} 6. Nxe4 {[%clk
1:30:48]} Nd7 {[%clk 1:32:51]} 7. Bd3 {[%clk 1:28:55]} Ngf6 {[%clk 1:33:13]} 8.
Nxf6+ {[%clk 1:29:05]} Nxf6 {[%clk 1:33:42]} 9. O-O {[%clk 1:29:12]} O-O {[%clk
1:33:45]} 10. Re1 {[%clk 1:29:39]} Qc7 {[%clk 1:33:40]} 11. Bg5 {[%clk 1:25:56]}
h6 {[%clk 1:31:11]} 12. Bh4 {[%clk 1:24:26]} Re8 {[%clk 1:27:21]} 13. Ne5 {[%clk
1:19:07]} g5 {[%clk 1:25:57]} 14. Bg3 {[%clk 1:12:49]} Qb6 {[%clk 1:26:25]} 15.
h4 {[%clk 1:09:32]} Be6 {[%clk 1:22:51]} 16. hxg5 {[%clk 1:09:07]} hxg5 {[%clk
1:23:20]} 17. Qd2 {[%clk 1:05:47]} Nh5 {[%clk 1:19:41]} 18. Qxg5 {[%clk 1:02:39]}
Nxg3 {[%clk 1:19:51]} 19. Qxg3 {[%clk 1:02:29]} Qxd4 {[%clk 1:19:51]} 20. Re4
{[%clk 1:00:56]} Qd6 {[%clk 1:10:10]} 21. Rae1 {[%clk 0:58:19]} Bf5 {[%clk
1:09:22]} 22. Rh4 {[%clk 0:53:30]} Bxd3 {[%clk 1:01:49]} 23. Rh8+ {[%clk
0:42:42]} Kxh8 {[%clk 1:02:14]} 24. Nxf7+ {[%clk 0:43:08]} Kg8 {[%clk 1:02:43]}
25. Nxd6 {[%clk 0:43:30]} exd6 {[%clk 1:03:12]} 26. Rxe8+ {[%clk 0:43:33]} Rxe8
{[%clk 1:03:41]} 27. Qxd3 {[%clk 0:43:33]} Re1+ {[%clk 1:04:03]} 28. Kh2 {[%clk
0:43:59]} d5 {[%clk 1:03:18]} 1-0

[Event "Irena Warakomska Memorial A"]
[Site "Suwalki"]
[Date "2018.08.08"]
[Round "9"]
[White "Kowalski, Igor"]
[Black "Maj, Pawel"]
[Result "1/2-1/2"]
[Board "35"]
[WhiteElo "2324"]
[WhiteTitle "FM"]
[WhiteCountry "POL"]
[WhiteFideId "1172468"]
[WhiteEloChange "-6"]
[BlackElo "2084"]
[BlackCountry "POL"]
[BlackFideId "21818290"]
[BlackEloChange "6"]

1. d4 {[%clk 1:30:30]} Nf6 {[%clk 1:30:54]} 2. c4 {[%clk 1:30:54]} e6 {[%clk
1:31:19]} 3. Nc3 {[%clk 1:30:54]} Bb4 {[%clk 1:31:44]} 4. Qc2 {[%clk 1:31:19]}
O-O {[%clk 1:32:09]} 5. Nf3 {[%clk 1:31:44]} d5 {[%clk 1:32:29]} 6. cxd5 {[%clk
1:31:38]} exd5 {[%clk 1:32:29]} 7. Bg5 {[%clk 1:32:03]} h6 {[%clk 1:32:38]} 8.
Bxf6 {[%clk 1:32:28]} Qxf6 {[%clk 1:32:58]} 9. e3 {[%clk 1:32:53]} c6 {[%clk
1:30:37]} 10. Bd3 {[%clk 1:32:11]} Re8 {[%clk 1:28:07]} 11. O-O {[%clk 1:31:29]}
Nd7 {[%clk 1:25:22]} 12. e4 {[%clk 1:31:01]} dxe4 {[%clk 1:24:25]} 13. Nxe4
{[%clk 1:31:21]} Qd8 {[%clk 1:23:38]} 14. a3 {[%clk 1:31:25]} Be7 {[%clk
1:23:06]} 15. Ng3 {[%clk 1:25:59]} Nf8 {[%clk 1:18:58]} 16. Rfe1 {[%clk 1:22:10]}
Be6 {[%clk 1:16:42]} 17. Bf5 {[%clk 1:20:57]} Bd6 {[%clk 1:11:03]} 18. Ne5 {[%clk
1:19:11]} Qb6 {[%clk 1:04:47]} 19. Bxe6 {[%clk 1:16:23]} Rxe6 {[%clk 1:03:18]}
20. Nf5 {[%clk 1:09:52]} Bxe5 {[%clk 1:00:31]} 21. Rxe5 {[%clk 1:10:16]} Rae8
{[%clk 0:59:26]} 22. Rae1 {[%clk 0:59:20]} Qa5 {[%clk 0:54:17]} 23. Qc3 {[%clk
0:49:55]} Qxc3 {[%clk 0:51:36]} 24. bxc3 {[%clk 0:50:19]} Rxe5 {[%clk 0:50:58]}
25. dxe5 {[%clk 0:46:05]} 1/2-1/2

[Event "Irena Warakomska Memorial A"]
[Site "Suwalki"]
[Date "2018.08.08"]
[Round "9"]
[White "Kumala, Aleksander"]
[Black "Praczukowski, Stanislaw"]
[Result "1-0"]
[Board "36"]
[WhiteElo "2238"]
[WhiteCountry "POL"]
[WhiteFideId "1141880"]
[WhiteEloChange "8"]
[BlackElo "2170"]
[BlackCountry "POL"]
[BlackFideId "1182730"]
[BlackEloChange "-8"]

1. d4 {[%clk 1:30:47]} Nf6 {[%clk 1:30:39]} 2. Bg5 {[%clk 1:31:11]} Ne4 {[%clk
1:30:38]} 3. h4 {[%clk 1:31:35]} h6 {[%clk 1:29:07]} 4. Bf4 {[%clk 1:31:59]} d5
{[%clk 1:29:03]} 5. Nd2 {[%clk 1:31:39]} Nf6 {[%clk 1:26:11]} 6. e3 {[%clk
1:31:41]} e6 {[%clk 1:26:35]} 7. Bd3 {[%clk 1:28:33]} Bd6 {[%clk 1:22:49]} 8.
Bxd6 {[%clk 1:28:44]} Qxd6 {[%clk 1:22:37]} 9. Ngf3 {[%clk 1:26:52]} c5 {[%clk
1:22:26]} 10. e4 {[%clk 1:14:16]} dxe4 {[%clk 1:13:44]} 11. Nxe4 {[%clk 1:14:38]}
Nxe4 {[%clk 1:14:07]} 12. Bxe4 {[%clk 1:15:03]} Nc6 {[%clk 1:13:45]} 13. dxc5
{[%clk 1:11:55]} Qxc5 {[%clk 1:10:42]} 14. Bxc6+ {[%clk 1:12:22]} Qxc6 {[%clk
1:04:51]} 15. Qd4 {[%clk 1:12:50]} O-O {[%clk 1:01:08]} 16. O-O-O {[%clk
1:13:15]} b6 {[%clk 0:58:23]} 17. Ne5 {[%clk 1:12:32]} Qc7 {[%clk 0:55:19]} 18.
Rh3 {[%clk 1:10:52]} Bb7 {[%clk 0:46:59]} 19. Rg3 {[%clk 0:59:01]} Rac8 {[%clk
0:28:22]} 20. c3 {[%clk 0:56:37]} Qc5 {[%clk 0:21:23]} 21. Qf4 {[%clk 0:56:27]}
Qa5 {[%clk 0:13:34]} 22. Rd7 {[%clk 0:53:18]} Qxa2 {[%clk 0:07:29]} 23. Rxg7+
{[%clk 0:53:32]} Kxg7 {[%clk 0:07:54]} 24. Rxf7+ {[%clk 0:53:57]} Rxf7 {[%clk
0:08:22]} 25. Qxf7+ {[%clk 0:54:22]} Kh8 {[%clk 0:08:50]} 26. Ng6# {[%clk
0:54:47]} 1-0

[Event "Irena Warakomska Memorial A"]
[Site "Suwalki"]
[Date "2018.08.08"]
[Round "9"]
[White "Zielinski, Wojciech"]
[Black "Zgadzaj, Rafal"]
[Result "1-0"]
[Board "37"]
[WhiteElo "2169"]
[WhiteCountry "POL"]
[WhiteFideId "1139568"]
[WhiteEloChange "10"]
[BlackElo "2154"]
[BlackCountry "POL"]
[BlackFideId "1113712"]
[BlackEloChange "-10"]

1. e4 {[%clk 1:30:58]} d6 {[%clk 1:30:52]} 2. d4 {[%clk 1:31:21]} Nf6 {[%clk
1:31:18]} 3. Bd3 {[%clk 1:31:26]} g6 {[%clk 1:31:25]} 4. f4 {[%clk 1:30:15]} Bg7
{[%clk 1:31:32]} 5. Nf3 {[%clk 1:30:27]} O-O {[%clk 1:30:10]} 6. Qe2 {[%clk
1:30:05]} Na6 {[%clk 1:11:42]} 7. c3 {[%clk 1:27:02]} c5 {[%clk 1:10:52]} 8. a3
{[%clk 1:20:57]} Nb8 {[%clk 0:54:31]} 9. O-O {[%clk 1:17:56]} Nh5 {[%clk
0:49:30]} 10. Be3 {[%clk 1:07:22]} Bg4 {[%clk 0:49:22]} 11. Qf2 {[%clk 1:02:01]}
Bxf3 {[%clk 0:48:00]} 12. Qxf3 {[%clk 1:01:48]} cxd4 {[%clk 0:48:24]} 13. cxd4
{[%clk 1:00:30]} Nc6 {[%clk 0:47:46]} 14. g4 {[%clk 0:55:26]} Nf6 {[%clk
0:40:03]} 15. d5 {[%clk 0:53:30]} Na5 {[%clk 0:30:45]} 16. Nd2 {[%clk 0:51:57]}
Qd7 {[%clk 0:29:31]} 17. h3 {[%clk 0:49:34]} b6 {[%clk 0:22:53]} 18. b4 {[%clk
0:49:34]} Nb7 {[%clk 0:22:53]} 19. a4 {[%clk 0:38:54]} Rac8 {[%clk 0:16:37]} 20.
Bb5 {[%clk 0:37:44]} Qc7 {[%clk 0:16:19]} 21. Bc6 {[%clk 0:35:59]} e6 {[%clk
0:16:09]} 22. Rac1 {[%clk 0:33:30]} Qe7 {[%clk 0:15:39]} 23. dxe6 {[%clk
0:24:05]} fxe6 {[%clk 0:15:44]} 24. e5 {[%clk 0:23:30]} dxe5 {[%clk 0:12:28]} 25.
Bxb7 {[%clk 0:23:53]} Rxc1 {[%clk 0:12:49]} 26. Rxc1 {[%clk 0:24:19]} Qxb4 {[%clk
0:07:07]} 27. Rc4 {[%clk 0:20:44]} Qb2 {[%clk 0:06:30]} 28. Qc6 {[%clk 0:16:35]}
exf4 {[%clk 0:05:15]} 29. Qxe6+ {[%clk 0:16:24]} Kh8 {[%clk 0:05:43]} 30. Bxf4
{[%clk 0:14:31]} Re8 {[%clk 0:06:03]} 31. Rc8 {[%clk 0:13:53]} Qa1+ {[%clk
0:02:46]} 32. Nf1 {[%clk 0:10:27]} Qxa4 {[%clk 0:02:35]} 33. Be3 {[%clk 0:08:02]}
Rxc8 {[%clk 0:02:27]} 34. Qxc8+ {[%clk 0:08:18]} Qe8 {[%clk 0:02:46]} 35. Qxe8+
{[%clk 0:06:54]} Nxe8 {[%clk 0:03:15]} 36. Bd5 {[%clk 0:06:48]} Nc7 {[%clk
0:02:12]} 37. Bb3 {[%clk 0:06:51]} Nb5 {[%clk 0:01:29]} 38. Nd2 {[%clk 0:03:18]}
Nd4 {[%clk 0:01:11]} 39. Bd5 {[%clk 0:03:04]} Nc2 {[%clk 0:01:22]} 40. Bf4 {[%clk
0:31:45]} Bd4+ {[%clk 0:31:12]} 41. Kh2 {[%clk 0:28:50]} Kg7 {[%clk 0:27:09]} 42.
Bb8 {[%clk 0:26:23]} Ne3 {[%clk 0:25:02]} 43. Bb3 {[%clk 0:25:17]} b5 {[%clk
0:23:33]} 44. Nf3 {[%clk 0:23:32]} Bb6 {[%clk 0:23:12]} 45. Be5+ {[%clk 0:23:26]}
Kf8 {[%clk 0:23:21]} 46. Bd4 {[%clk 0:19:37]} Bxd4 {[%clk 0:15:44]} 47. Nxd4
{[%clk 0:20:01]} Nf1+ {[%clk 0:16:06]} 48. Kg2 {[%clk 0:18:37]} Nd2 {[%clk
0:16:35]} 49. Bd5 {[%clk 0:16:35]} Nc4 {[%clk 0:12:24]} 50. Kf3 {[%clk 0:15:12]}
Nd6 {[%clk 0:12:39]} 51. Kf4 {[%clk 0:12:18]} a5 {[%clk 0:08:25]} 52. Ke5 {[%clk
0:12:11]} Nc4+ {[%clk 0:04:59]} 53. Kf6 {[%clk 0:12:21]} Nb6 {[%clk 0:04:35]} 54.
Be6 {[%clk 0:09:55]} b4 {[%clk 0:02:56]} 55. Nc6 {[%clk 0:10:01]} Nd7+ {[%clk
0:02:54]} 56. Bxd7 {[%clk 0:09:54]} b3 {[%clk 0:03:23]} 57. Be6 {[%clk 0:09:57]}
a4 {[%clk 0:03:34]} 58. Bf7 {[%clk 0:09:39]} b2 {[%clk 0:04:03]} 59. Ne5 {[%clk
0:08:53]} 1-0

[Event "Irena Warakomska Memorial A"]
[Site "Suwalki"]
[Date "2018.08.08"]
[Round "9"]
[White "Sowul, Bartosz"]
[Black "Jankowiak, Tomasz"]
[Result "0-1"]
[Board "38"]
[WhiteElo "2242"]
[WhiteCountry "POL"]
[WhiteFideId "1137590"]
[WhiteEloChange "-14"]
[BlackElo "2115"]
[BlackCountry "POL"]
[BlackFideId "1185357"]
[BlackEloChange "14"]

1. d4 {[%clk 1:30:55]} d5 {[%clk 1:30:53]} 2. c4 {[%clk 1:31:17]} c6 {[%clk
1:31:19]} 3. Nf3 {[%clk 1:31:33]} Nf6 {[%clk 1:31:44]} 4. Nc3 {[%clk 1:31:50]} e6
{[%clk 1:32:06]} 5. Bg5 {[%clk 1:31:21]} Nbd7 {[%clk 1:31:54]} 6. cxd5 {[%clk
1:31:38]} exd5 {[%clk 1:32:16]} 7. e3 {[%clk 1:32:01]} Be7 {[%clk 1:31:53]} 8.
Bd3 {[%clk 1:32:24]} O-O {[%clk 1:32:11]} 9. Qc2 {[%clk 1:32:32]} Re8 {[%clk
1:32:22]} 10. h3 {[%clk 1:32:26]} Nf8 {[%clk 1:22:01]} 11. Bf4 {[%clk 1:32:16]}
Ne6 {[%clk 1:20:09]} 12. Be5 {[%clk 1:29:28]} g6 {[%clk 1:18:42]} 13. g4 {[%clk
1:25:53]} Ng7 {[%clk 1:18:23]} 14. O-O-O {[%clk 1:25:44]} b5 {[%clk 1:09:51]} 15.
Rdg1 {[%clk 1:18:18]} a5 {[%clk 1:06:34]} 16. Bxf6 {[%clk 1:07:22]} Bxf6 {[%clk
1:06:53]} 17. g5 {[%clk 1:07:48]} Be7 {[%clk 1:06:35]} 18. Ne5 {[%clk 1:08:11]}
Qb6 {[%clk 0:51:02]} 19. h4 {[%clk 1:07:19]} Nh5 {[%clk 0:46:13]} 20. f4 {[%clk
1:05:52]} Bd6 {[%clk 0:31:52]} 21. Nxf7 {[%clk 0:44:14]} Kxf7 {[%clk 0:31:03]}
22. f5 {[%clk 0:44:33]} Rxe3 {[%clk 0:26:07]} 23. fxg6+ {[%clk 0:42:36]} Kg7
{[%clk 0:26:18]} 24. gxh7 {[%clk 0:37:36]} Ng3 {[%clk 0:14:53]} 25. Rxg3 {[%clk
0:06:10]} Bxg3 {[%clk 0:12:24]} 26. Ne2 {[%clk 0:05:47]} Bg4 {[%clk 0:09:57]} 27.
h5 {[%clk 0:03:55]} Bxe2 {[%clk 0:03:44]} 28. Bxe2 {[%clk 0:03:24]} Qxd4 {[%clk
0:03:59]} 29. Qxc6 {[%clk 0:02:28]} Rae8 {[%clk 0:01:50]} 30. h6+ {[%clk
0:00:46]} Kh8 {[%clk 0:02:13]} 31. g6 {[%clk 0:01:02]} Rxe2 {[%clk 0:02:16]} 0-1

[Event "Irena Warakomska Memorial A"]
[Site "Suwalki"]
[Date "2018.08.08"]
[Round "9"]
[White "Jaroch, Karol"]
[Black "Krzywda, Andrzej"]
[Result "1-0"]
[Board "39"]
[WhiteElo "2212"]
[WhiteCountry "POL"]
[WhiteFideId "1130609"]
[WhiteEloChange "11"]
[BlackElo "2258"]
[BlackTitle "CM"]
[BlackCountry "POL"]
[BlackFideId "1114565"]
[BlackEloChange "-11"]

1. e4 {[%clk 1:30:56]} c5 {[%clk 1:30:47]} 2. Nf3 {[%clk 1:31:20]} d6 {[%clk
1:30:52]} 3. d4 {[%clk 1:31:44]} cxd4 {[%clk 1:31:18]} 4. Nxd4 {[%clk 1:32:11]}
Nf6 {[%clk 1:31:34]} 5. Nc3 {[%clk 1:32:36]} e6 {[%clk 1:31:56]} 6. Be3 {[%clk
1:27:07]} a6 {[%clk 1:31:50]} 7. g4 {[%clk 0:54:52]} e5 {[%clk 1:16:18]} 8. Nf5
{[%clk 0:53:40]} g6 {[%clk 1:15:19]} 9. g5 {[%clk 0:53:48]} gxf5 {[%clk 1:12:03]}
10. exf5 {[%clk 0:54:09]} d5 {[%clk 1:08:35]} 11. Qf3 {[%clk 0:52:01]} d4 {[%clk
0:50:18]} 12. O-O-O {[%clk 0:52:00]} Nbd7 {[%clk 0:46:03]} 13. gxf6 {[%clk
0:19:48]} dxc3 {[%clk 0:44:24]} 14. Bc4 {[%clk 0:18:06]} Qxf6 {[%clk 0:43:23]}
15. Qh5 {[%clk 0:18:03]} Be7 {[%clk 0:32:59]} 16. f4 {[%clk 0:08:23]} Nc5 {[%clk
0:28:42]} 17. Rd5 {[%clk 0:05:22]} cxb2+ {[%clk 0:25:44]} 18. Kb1 {[%clk
0:05:47]} Ne4 {[%clk 0:08:02]} 19. Rxe5 {[%clk 0:04:55]} Nd6 {[%clk 0:06:40]} 20.
Bd3 {[%clk 0:05:16]} Bd7 {[%clk 0:04:20]} 21. Bd4 {[%clk 0:05:39]} Kf8 {[%clk
0:00:59]} 22. Rd5 {[%clk 0:01:36]} Qh4 {[%clk 0:00:33]} 23. Qxh4 {[%clk 0:02:01]}
Bxh4 {[%clk 0:01:00]} 24. Rxd6 {[%clk 0:01:23]} Bc6 {[%clk 0:01:09]} 25. Rxc6
{[%clk 0:01:18]} bxc6 {[%clk 0:01:28]} 26. Bxh8 {[%clk 0:01:37]} f6 {[%clk
0:00:48]} 27. Rg1 {[%clk 0:02:02]} Bf2 {[%clk 0:00:44]} 28. Rg7 {[%clk 0:02:04]}
Bd4 {[%clk 0:00:41]} 29. Rd7 {[%clk 0:01:21]} Bc3 {[%clk 0:00:46]} 30. Bc4 {[%clk
0:01:43]} Rb8 {[%clk 0:00:37]} 31. Bxf6 {[%clk 0:01:16]} Bxf6 {[%clk 0:00:31]}
32. Rf7+ {[%clk 0:01:38]} Ke8 {[%clk 0:00:58]} 33. Rxf6 {[%clk 0:02:03]} 1-0

[Event "Irena Warakomska Memorial A"]
[Site "Suwalki"]
[Date "2018.08.08"]
[Round "9"]
[White "Lewtak, Dominik"]
[Black "Tomaszewski, Roman"]
[Result "1-0"]
[Board "40"]
[WhiteElo "2164"]
[WhiteCountry "POL"]
[WhiteFideId "1112570"]
[WhiteEloChange "13"]
[BlackElo "2258"]
[BlackTitle "IM"]
[BlackCountry "POL"]
[BlackFideId "1100637"]
[BlackEloChange "-13"]

1. c4 {[%clk 1:30:56]} Nf6 {[%clk 1:28:20]} 2. Nf3 {[%clk 1:31:05]} g6 {[%clk
1:28:34]} 3. d4 {[%clk 1:31:25]} Bg7 {[%clk 1:28:57]} 4. Nc3 {[%clk 1:31:49]} d5
{[%clk 1:29:23]} 5. cxd5 {[%clk 1:31:36]} Nxd5 {[%clk 1:29:47]} 6. e4 {[%clk
1:32:01]} Nxc3 {[%clk 1:30:15]} 7. bxc3 {[%clk 1:32:26]} c5 {[%clk 1:30:40]} 8.
Be3 {[%clk 1:28:51]} Qa5 {[%clk 1:29:31]} 9. Qd2 {[%clk 1:28:18]} O-O {[%clk
1:29:54]} 10. Rc1 {[%clk 1:24:57]} e6 {[%clk 1:30:03]} 11. dxc5 {[%clk 1:22:39]}
Nd7 {[%clk 1:13:41]} 12. c6 {[%clk 1:19:17]} bxc6 {[%clk 1:14:09]} 13. Be2 {[%clk
1:19:18]} Re8 {[%clk 0:38:13]} 14. O-O {[%clk 1:14:37]} Nf6 {[%clk 0:36:31]} 15.
Nd4 {[%clk 1:07:00]} Nxe4 {[%clk 0:33:36]} 16. Qc2 {[%clk 1:04:44]} Nd6 {[%clk
0:26:57]} 17. Nxc6 {[%clk 1:04:12]} Qc7 {[%clk 0:26:11]} 18. Nd4 {[%clk 1:03:43]}
a6 {[%clk 0:17:08]} 19. c4 {[%clk 1:00:20]} e5 {[%clk 0:17:16]} 20. Nb3 {[%clk
1:00:09]} Bf5 {[%clk 0:09:08]} 21. Qd2 {[%clk 0:58:46]} a5 {[%clk 0:09:19]} 22.
a4 {[%clk 0:56:11]} Ne4 {[%clk 0:08:52]} 23. Qe1 {[%clk 0:55:23]} Reb8 {[%clk
0:08:16]} 24. Bd1 {[%clk 0:53:43]} Be6 {[%clk 0:06:26]} 25. f3 {[%clk 0:52:42]}
Nd6 {[%clk 0:06:46]} 26. Nd2 {[%clk 0:52:47]} Nf5 {[%clk 0:06:03]} 27. Bf2 {[%clk
0:52:28]} Rb2 {[%clk 0:05:17]} 28. Ne4 {[%clk 0:50:53]} Bh6 {[%clk 0:04:27]} 29.
Rc3 {[%clk 0:50:55]} Rd8 {[%clk 0:04:14]} 30. g4 {[%clk 0:49:47]} Nd4 {[%clk
0:02:32]} 31. Bg3 {[%clk 0:49:56]} Nc6 {[%clk 0:02:02]} 32. c5 {[%clk 0:49:10]}
Rd4 {[%clk 0:02:05]} 33. Bf2 {[%clk 0:47:30]} Qd8 {[%clk 0:02:35]} 34. Bxd4
{[%clk 0:45:56]} Qxd4+ {[%clk 0:03:04]} 35. Kh1 {[%clk 0:40:16]} Bf4 {[%clk
0:02:28]} 36. Rc2 {[%clk 0:37:54]} Rb1 {[%clk 0:02:49]} 37. Nc3 {[%clk 0:28:03]}
Ra1 {[%clk 0:01:58]} 38. Ne2 {[%clk 0:27:01]} Qxa4 {[%clk 0:01:12]} 39. Rc1
{[%clk 0:24:03]} Qa3 {[%clk 0:01:41]} 40. Rxa1 {[%clk 0:54:01]} Qxa1 {[%clk
0:32:08]} 41. Nxf4 {[%clk 0:53:41]} exf4 {[%clk 0:32:36]} 42. Qe4 {[%clk
0:53:06]} Ne7 {[%clk 0:19:05]} 43. Qd3 {[%clk 0:47:06]} Nc6 {[%clk 0:15:15]} 44.
Bc2 {[%clk 0:33:53]} Qa2 {[%clk 0:08:29]} 45. Qc3 {[%clk 0:33:46]} Nd4 {[%clk
0:03:40]} 46. Be4 {[%clk 0:31:16]} Qe2 {[%clk 0:04:02]} 47. Re1 {[%clk 0:31:07]}
Qf2 {[%clk 0:04:29]} 48. Rd1 {[%clk 0:30:43]} Bxg4 {[%clk 0:03:01]} 49. fxg4
{[%clk 0:30:26]} 1-0